[Event "17. Open de Sants Hostafrancs 2015"]
[Site "Barcelona ESP"]
[Date "2015.08.21"]
[Round "1.26"]
[White "Ventura Bolet, Alexandre"]
[Black "Valsecchi, Alessio"]
[Result "0-1"]
[WhiteElo "2075"]
[BlackElo "2459"]
[PlyCount "74"]
[EventDate "2015.08.21"]
[EventType "swiss"]
[EventRounds "10"]
[EventCountry "ESP"]
[SourceTitle "Ajedrez en Madrid"]
[Source "lmi"]
[SourceDate "2015.08.21"]

1. e4 c6 2. d4 d5 3. exd5 cxd5 4. c4 Nf6 5. Nc3 e6 6. Nf3 Nc6 7. cxd5 Nxd5 8.
Bd3 Bb4 9. Qc2 Nf6 10. O-O O-O 11. Bg5 h6 12. Bxf6 Qxf6 13. d5 Ne5 14. Nxe5
Qxe5 15. Rfe1 Qc7 16. Qb3 Bxc3 17. bxc3 Bd7 18. dxe6 Bxe6 19. Rxe6 fxe6 20.
Qxe6+ Qf7 21. Qe4 Qxf2+ 22. Kh1 Rfe8 23. Qh7+ Kf8 24. h3 Re1+ 25. Rxe1 Qxe1+
26. Kh2 Qe5+ 27. Kh1 Rd8 28. Bc2 Ke7 29. Bb3 Rd2 30. Qg6 Re2 31. Qf7+ Kd6 32.
Qf8+ Kc7 33. Qf7+ Kb6 34. Bc4 Re1+ 35. Bf1 a6 36. c4 Qf6 37. c5+ Kc6 0-1

[Event "17. Open de Sants Hostafrancs 2015"]
[Site "Barcelona ESP"]
[Date "2015.08.21"]
[Round "1.28"]
[White "Degro, Heiko"]
[Black "Aloma Vidal, Robert"]
[Result "0-1"]
[WhiteElo "2070"]
[BlackElo "2454"]
[PlyCount "166"]
[EventDate "2015.08.21"]
[EventType "swiss"]
[EventRounds "10"]
[EventCountry "ESP"]
[SourceTitle "Ajedrez en Madrid"]
[Source "lmi"]
[SourceDate "2015.08.21"]

1. c4 e5 2. Nc3 Nc6 3. Nf3 Nf6 4. e3 Be7 5. d4 exd4 6. Nxd4 O-O 7. Be2 Bb4 8.
Qc2 Nxd4 9. exd4 d5 10. a3 Bxc3+ 11. bxc3 dxc4 12. Bxc4 Re8+ 13. Be3 Ng4 14.
O-O Qd6 15. g3 Nf6 16. Rfe1 Bh3 17. Qb3 Qd7 18. Bf4 c6 19. a4 Nd5 20. Bd2 h5
21. Qd1 Qf5 22. Bb3 Rxe1+ 23. Bxe1 Re8 24. Bd2 Bg4 25. Bc2 Qf6 26. Qf1 Re2 27.
Re1 Nxc3 28. Bd3 Qf3 29. Rxe2 Nxe2+ 30. Qxe2 Qxe2 31. Bxe2 Bxe2 32. a5 f6 33.
f4 Kf7 34. Kf2 Bc4 35. h3 Be6 36. h4 Kg6 37. Bb4 b6 38. axb6 axb6 39. Bf8 Bf5
40. Ke3 Kf7 41. Bb4 Ke6 42. Bf8 g6 43. Kd2 Bh3 44. Kc3 Bf1 45. Bb4 f5 46. Bf8
Kd5 47. Be7 Ke4 48. Bd8 Kf3 49. Bg5 Kxg3 50. Kb4 Kf3 51. Kc3 Ke4 52. Bh6 Ba6
53. Bg5 Bc8 54. Bh6 Be6 55. Bg5 Kd5 56. Be7 Bd7 57. Bf6 Be8 58. Be7 Ke6 59. Bd8
Kd7 60. Bf6 Kc7 61. Kb4 Bf7 62. Be5+ Kd7 63. Bf6 Kd6 64. Kc3 b5 65. Kb4 Ke6 66.
Bd8 Kd5 67. Kc3 Ke4 68. Bg5 Ke3 69. Bh6 Ke2 70. Bg5 Kd1 71. Bh6 Kc1 72. Bf8 Kb1
73. Be7 Ka2 74. Bb4 g5 75. fxg5 f4 76. Bd6 f3 77. Bg3 Ka3 78. Bd6+ Ka4 79. Bg3
b4+ 80. Kb2 Kb5 81. Bf2 Kc4 82. Kc2 b3+ 83. Kb2 Kd3 0-1

[Event "17. Open de Sants Hostafrancs 2015"]
[Site "Barcelona ESP"]
[Date "2015.08.21"]
[Round "1.29"]
[White "Cruz, Jonathan"]
[Black "Valencia Jimenez, Jose"]
[Result "0-1"]
[WhiteElo "2450"]
[BlackElo "2068"]
[PlyCount "78"]
[EventDate "2015.08.21"]
[EventType "swiss"]
[EventRounds "10"]
[EventCountry "ESP"]
[SourceTitle "Ajedrez en Madrid"]
[Source "lmi"]
[SourceDate "2015.08.21"]

1. c4 e6 2. Nf3 d5 3. d4 Nf6 4. Nc3 c6 5. e3 Bd6 6. Qc2 Nbd7 7. Bd3 a6 8. O-O
O-O 9. b3 e5 10. cxd5 cxd5 11. e4 exd4 12. Nxd5 Nxd5 13. exd5 h6 14. Nxd4 Qh4
15. Nf3 Qh5 16. Bb2 Nb6 17. Qc3 f6 18. Qd4 Bg4 19. Qxb6 Rad8 20. Ne5 fxe5 21.
Be4 Qg5 22. Bc1 Qe7 23. Be3 Rf6 24. Qa7 Bf5 25. f3 Bxe4 26. fxe4 Rf4 27. Rxf4
exf4 28. Bf2 Qxe4 29. Rd1 f3 30. g3 Qf5 31. Qe3 Be5 32. Qd3 Qg4 33. Re1 Bd6 34.
Re4 Qh5 35. Re6 Rc8 36. Qe4 Rc1+ 37. Be1 Bc5+ 38. Kh1 f2 39. Re8+ Bf8 0-1

[Event "17. Open de Sants Hostafrancs 2015"]
[Site "Barcelona ESP"]
[Date "2015.08.21"]
[Round "1.31"]
[White "Gallego Alcaraz, Andres Felipe"]
[Black "De Seroux, Camille"]
[Result "1-0"]
[WhiteElo "2443"]
[BlackElo "2063"]
[PlyCount "85"]
[EventDate "2015.08.21"]
[EventType "swiss"]
[EventRounds "10"]
[EventCountry "ESP"]
[SourceTitle "Ajedrez en Madrid"]
[Source "lmi"]
[SourceDate "2015.08.21"]

1. d4 Nf6 2. c4 g6 3. Nc3 Bg7 4. e4 d6 5. Nf3 O-O 6. Be2 e5 7. O-O Nc6 8. d5
Ne7 9. Ne1 Nd7 10. Be3 f5 11. f3 f4 12. Bf2 g5 13. g4 h5 14. h3 a6 15. Nd3 Kf7
16. c5 Rh8 17. Qb3 Kf8 18. a4 Nf6 19. cxd6 cxd6 20. Bb6 Qe8 21. Qa3 Qd7 22. a5
Ng6 23. Na4 Ne8 24. Bf2 Bf6 25. Kg2 Qh7 26. Rh1 Nh4+ 27. Bxh4 gxh4 28. Nf2 Bd8
29. Qb4 Qe7 30. Rac1 hxg4 31. fxg4 Rg8 32. Rc3 Nf6 33. Rhc1 Qd7 34. Nb6 Bxb6
35. Qxb6 Ne8 36. Bd1 Rg7 37. Rc4 f3+ 38. Kf1 Qf7 39. Rxc8 Rxc8 40. Rxc8 Qf4 41.
Qxd6+ Re7 42. Qa3 Qd2 43. Qc3 1-0

[Event "17. Open de Sants Hostafrancs 2015"]
[Site "Barcelona ESP"]
[Date "2015.08.21"]
[Round "1.32"]
[White "Ayala Abenza, Jose Luis"]
[Black "Arenas, David"]
[Result "0-1"]
[WhiteElo "2061"]
[BlackElo "2439"]
[PlyCount "76"]
[EventDate "2015.08.21"]
[EventType "swiss"]
[EventRounds "10"]
[EventCountry "ESP"]
[SourceTitle "Ajedrez en Madrid"]
[Source "lmi"]
[SourceDate "2015.08.21"]

1. d4 Nf6 2. Nf3 g6 3. Bf4 Bg7 4. e3 O-O 5. Be2 d6 6. O-O b6 7. c4 c5 8. Nc3
Nc6 9. h3 Bf5 10. Rc1 Rc8 11. d5 Na5 12. Bd3 Bxd3 13. Qxd3 a6 14. Nd2 Qd7 15.
e4 Rb8 16. Rfe1 b5 17. b3 bxc4 18. Nxc4 Nxc4 19. Qxc4 Qa7 20. Be3 Nd7 21. Na4
Qa8 22. Bd2 Qb7 23. Qc2 Rbe8 24. Nb2 f5 25. Nc4 fxe4 26. Qxe4 Ne5 27. Nxe5 Bxe5
28. Bh6 Rf5 29. g4 Rf7 30. Rcd1 Rb8 31. Rc1 Bd4 32. Be3 e5 33. Re2 Bxe3 34.
fxe3 Rbf8 35. Qg2 Rf3 36. e4 Qf7 37. Rd1 Qf4 38. Kh1 Rg3 0-1

[Event "17. Open de Sants Hostafrancs 2015"]
[Site "Barcelona ESP"]
[Date "2015.08.21"]
[Round "1.33"]
[White "Dourerassou, Jonathan"]
[Black "Sagues Andreu, Xavier"]
[Result "1-0"]
[WhiteElo "2436"]
[BlackElo "2061"]
[PlyCount "37"]
[EventDate "2015.08.21"]
[EventType "swiss"]
[EventRounds "10"]
[EventCountry "ESP"]
[SourceTitle "Ajedrez en Madrid"]
[Source "lmi"]
[SourceDate "2015.08.21"]

1. e4 c5 2. Nf3 d6 3. d4 cxd4 4. Qxd4 Nc6 5. Bb5 Qd7 6. Qd3 a6 7. Ba4 e5 8. Nc3
Nf6 9. Bg5 b5 10. Bb3 Be7 11. Rd1 O-O 12. Bxf6 gxf6 13. Nd5 Bd8 14. Ne3 Bc7 15.
Nf5 Bb7 16. Qe3 Nd8 17. Qh6 Ne6 18. Qxf6 Rfe8 19. Bxe6 1-0

[Event "17. Open de Sants Hostafrancs 2015"]
[Site "Barcelona ESP"]
[Date "2015.08.21"]
[Round "1.34"]
[White "Llano Olabarrieta, Joseba"]
[Black "Rios, Cristhian Camilo"]
[Result "0-1"]
[WhiteElo "2058"]
[BlackElo "2435"]
[PlyCount "74"]
[EventDate "2015.08.21"]
[EventType "swiss"]
[EventRounds "10"]
[EventCountry "ESP"]
[SourceTitle "Ajedrez en Madrid"]
[Source "lmi"]
[SourceDate "2015.08.21"]

1. e4 c5 2. Nf3 e6 3. d4 cxd4 4. Nxd4 Nf6 5. Nc3 d6 6. Be2 Nc6 7. Be3 Be7 8.
O-O Bd7 9. f4 O-O 10. Kh1 Nxd4 11. Qxd4 Bc6 12. Rad1 Qc7 13. Nb5 Bxb5 14. Bxb5
Qxc2 15. e5 dxe5 16. fxe5 Rfd8 17. Rc1 Qxc1 18. Qxd8+ Bxd8 19. Rxc1 Nd5 20. Bd4
Bb6 21. Bxb6 Nxb6 22. Kg1 Rc8 23. Rxc8+ Nxc8 24. Kf2 Kf8 25. Ke3 Ke7 26. Bd3 h6
27. Be4 b6 28. b4 f6 29. Kd4 fxe5+ 30. Kxe5 Nd6 31. Bd3 Nf7+ 32. Kd4 Kd6 33. a4
g5 34. a5 bxa5 35. bxa5 Ne5 36. Bc2 Nc6+ 37. Kc4 Nxa5+ 0-1

[Event "17. Open de Sants Hostafrancs 2015"]
[Site "Barcelona ESP"]
[Date "2015.08.21"]
[Round "1.35"]
[White "Munoz Pantoja, Miguel"]
[Black "Jareno Badenas, Aleix"]
[Result "1-0"]
[WhiteElo "2434"]
[BlackElo "2057"]
[PlyCount "73"]
[EventDate "2015.08.21"]
[EventType "swiss"]
[EventRounds "10"]
[EventCountry "ESP"]
[SourceTitle "Ajedrez en Madrid"]
[Source "lmi"]
[SourceDate "2015.08.21"]

1. e4 e6 2. d4 d5 3. Nd2 Nf6 4. e5 Nfd7 5. Bd3 c5 6. c3 Nc6 7. Ne2 cxd4 8. cxd4
f6 9. exf6 Nxf6 10. O-O Bd6 11. f4 O-O 12. Nf3 Qb6 13. Kh1 Bd7 14. Nc3 a6 15.
a3 Rac8 16. Qe2 Na5 17. Ne5 Be8 18. Be3 Bb8 19. Rad1 Nc4 20. Bxc4 dxc4 21. d5
Qb3 22. d6 Rd8 23. Qxc4 Qxc4 24. Nxc4 Bh5 25. Rde1 b5 26. Na5 Bxd6 27. Nb7 Rd7
28. Nxd6 Rxd6 29. Bc5 Rd2 30. Bxf8 Kxf8 31. Rxe6 Rxb2 32. Rxa6 Ng4 33. Ra8+ Kf7
34. Ra7+ Kf8 35. Rb1 Rc2 36. Nxb5 Ne3 37. Nd6 1-0

[Event "17. Open de Sants Hostafrancs 2015"]
[Site "Barcelona ESP"]
[Date "2015.08.21"]
[Round "1.36"]
[White "Lopez Perdomo, Juan David"]
[Black "Pulvett Marin, Daniel"]
[Result "0-1"]
[WhiteElo "2056"]
[BlackElo "2434"]
[PlyCount "70"]
[EventDate "2015.08.21"]
[EventType "swiss"]
[EventRounds "10"]
[EventCountry "ESP"]
[SourceTitle "Ajedrez en Madrid"]
[Source "lmi"]
[SourceDate "2015.08.21"]

1. d4 Nf6 2. Nf3 e6 3. c4 b6 4. g3 Ba6 5. Qa4 c6 6. Nc3 Be7 7. Bf4 d6 8. Bg2
O-O 9. e4 b5 10. cxb5 cxb5 11. Qc2 b4 12. Ne2 Qa5 13. Nd2 e5 14. Nb3 Qb5 15.
Bg5 Nbd7 16. Bxf6 Bxf6 17. Bf3 exd4 18. Nbxd4 Qb6 19. Rd1 Rac8 20. Qb1 Ne5 21.
Bg2 Nc6 22. Nxc6 Rxc6 23. Rd2 Bg5 24. f4 Bf6 25. e5 dxe5 26. Bxc6 Qxc6 27. O-O
Bb7 28. Kf2 exf4 29. Qd3 Re8 30. Qd7 Qg2+ 31. Ke1 Bc6 32. Rf2 Rxe2+ 33. Rdxe2
Qh1+ 34. Rf1 Qxf1+ 35. Kxf1 Bxd7 0-1

[Event "17. Open de Sants Hostafrancs 2015"]
[Site "Barcelona ESP"]
[Date "2015.08.21"]
[Round "1.37"]
[White "Abergel, Thal"]
[Black "Llopis De Aysa, Manuel"]
[Result "1/2-1/2"]
[WhiteElo "2433"]
[BlackElo "2055"]
[PlyCount "142"]
[EventDate "2015.08.21"]
[EventType "swiss"]
[EventRounds "10"]
[EventCountry "ESP"]
[SourceTitle "Ajedrez en Madrid"]
[Source "lmi"]
[SourceDate "2015.08.21"]

1. e4 d6 2. d4 Nf6 3. Nc3 e5 4. Nf3 Nbd7 5. g4 Nxg4 6. Rg1 Ngf6 7. Be3 c6 8.
Qd2 Qa5 9. O-O-O b5 10. a3 b4 11. axb4 Qa1+ 12. Nb1 Nxe4 13. Qd3 d5 14. Nxe5
Nxe5 15. dxe5 Bxb4 16. c3 Bxc3 17. Qc2 Rb8 18. b3 Bxe5 19. Bd3 Nc3 20. Rde1
Nxb1 21. Qxb1 Qc3+ 22. Qc2 O-O 23. f4 Qxc2+ 24. Kxc2 Bf6 25. Bc5 Rd8 26. b4 g6
27. Rb1 Bd7 28. Rb3 Re8 29. Ra3 Be7 30. Rxa7 Bxc5 31. bxc5 Rbd8 32. Rb1 Bf5 33.
Bxf5 gxf5 34. Rbb7 Rf8 35. Kd3 d4 36. Rc7 Rfe8 37. Rxc6 Re3+ 38. Kd2 Rf3 39.
Rd6 Rc8 40. Rd5 Rc3 41. Rxf5 R3xc5 42. Rfxf7 Rc2+ 43. Kd3 Rxh2 44. Kxd4 Rb8 45.
Ke4 Rh4 46. Rg7+ Kf8 47. Rxh7 Rb4+ 48. Ke5 Rb5+ 49. Ke6 Rb6+ 50. Kf5 Rb5+ 51.
Ke6 Rb6+ 52. Kd5 Rb5+ 53. Kc4 Rxh7 54. Rxh7 Rf5 55. Rh4 Kf7 56. Kd4 Ke6 57. Ke4
Ra5 58. Rh1 Ra4+ 59. Kf3 Ra2 60. Rb1 Kf5 61. Rb5+ Kf6 62. Re5 Rb2 63. Ra5 Rb1
64. Ra3 Kf5 65. Ra5+ Kf6 66. Ra6+ Kf5 67. Ke2 Kxf4 68. Ra8 Rb3 69. Kf2 Rb2+ 70.
Kf1 Kf3 71. Ra3+ Kf4 1/2-1/2

[Event "17. Open de Sants Hostafrancs 2015"]
[Site "Barcelona ESP"]
[Date "2015.08.21"]
[Round "1.38"]
[White "Tahay, Alexis"]
[Black "Morawietz, Dieter"]
[Result "0-1"]
[WhiteElo "2055"]
[BlackElo "2430"]
[PlyCount "82"]
[EventDate "2015.08.21"]
[EventType "swiss"]
[EventRounds "10"]
[EventCountry "ESP"]
[SourceTitle "Ajedrez en Madrid"]
[Source "lmi"]
[SourceDate "2015.08.21"]

1. e4 c5 2. Nf3 e6 3. d4 cxd4 4. Nxd4 Nc6 5. Nc3 d6 6. Be2 Nf6 7. O-O Be7 8.
Be3 O-O 9. f4 a6 10. a4 Bd7 11. Nb3 b6 12. Bf3 Rb8 13. Qe2 Qc8 14. g4 Na5 15.
Nd2 Bd8 16. Qf2 Ne8 17. f5 b5 18. axb5 axb5 19. Rac1 Nc6 20. Bg2 Ne5 21. h3 h6
22. Ne2 Nf6 23. Qg3 Be7 24. Bf4 Qc7 25. Nf3 Nxe4 26. Qe1 Nxf3+ 27. Bxf3 Ng5 28.
Bg2 Qc5+ 29. Kh2 Bc6 30. Qc3 Qxc3 31. Nxc3 Rfc8 32. h4 Bxg2 33. Kxg2 Nh7 34.
Bg3 Rc4 35. Kf3 b4 36. Ne4 exf5 37. gxf5 Rb5 38. Nxd6 Bxd6 39. Bxd6 Nf6 40. Bg3
Rxf5+ 41. Ke2 Re4+ 0-1

[Event "17. Open de Sants Hostafrancs 2015"]
[Site "Barcelona ESP"]
[Date "2015.08.21"]
[Round "1.39"]
[White "Vassallo Barroche, Mauricio"]
[Black "Nohr, Finn"]
[Result "1-0"]
[WhiteElo "2430"]
[BlackElo "2054"]
[PlyCount "103"]
[EventDate "2015.08.21"]
[EventType "swiss"]
[EventRounds "10"]
[EventCountry "ESP"]
[SourceTitle "Ajedrez en Madrid"]
[Source "lmi"]
[SourceDate "2015.08.21"]

1. d4 Nf6 2. Nf3 c5 3. d5 b5 4. Bg5 Qb6 5. c3 g6 6. Bxf6 Qxf6 7. e4 Qb6 8. Nbd2
Bg7 9. a4 b4 10. Nc4 Qb7 11. e5 O-O 12. Be2 d6 13. O-O dxe5 14. Nfxe5 Qc7 15.
Bf3 Bb7 16. Qe2 Nd7 17. Nc6 Bxc6 18. dxc6 Nb8 19. cxb4 Nxc6 20. Bxc6 Qxc6 21.
b5 Qc7 22. Qe4 Rad8 23. Rad1 Rd4 24. Rxd4 cxd4 25. b3 Qc5 26. g4 Rd8 27. Rd1 h5
28. h3 hxg4 29. hxg4 Qg5 30. Kf1 e5 31. Rd3 f5 32. gxf5 Qxf5 33. Nd2 Bh6 34.
Qe2 Be3 35. Nc4 e4 36. Rxe3 dxe3 37. Nxe3 Qh3+ 38. Kg1 Rd3 39. Qc2 Qe6 40. Qc5
Rd7 41. a5 Rh7 42. a6 Qh3 43. Qd5+ Kg7 44. Qe5+ Kg8 45. Qb8+ Kg7 46. Qxa7+ Kg8
47. Qb8+ Kg7 48. Qe5+ Kg8 49. Qxe4 Qh2+ 50. Kf1 Qh3+ 51. Qg2 Qh5 52. Qd5+ 1-0

[Event "17. Open de Sants Hostafrancs 2015"]
[Site "Barcelona ESP"]
[Date "2015.08.21"]
[Round "1.40"]
[White "Garcia Acosta, Roger"]
[Black "Wegerle, Joerg"]
[Result "0-1"]
[WhiteElo "2053"]
[BlackElo "2430"]
[PlyCount "114"]
[EventDate "2015.08.21"]
[EventType "swiss"]
[EventRounds "10"]
[EventCountry "ESP"]
[SourceTitle "Ajedrez en Madrid"]
[Source "lmi"]
[SourceDate "2015.08.21"]

1. e4 d6 2. d4 Nf6 3. Nc3 c6 4. h3 Nbd7 5. Nf3 e5 6. Be3 Be7 7. a4 O-O 8. Bc4
Nxe4 9. Nxe4 d5 10. Nxe5 Nxe5 11. dxe5 dxc4 12. O-O Bf5 13. Qf3 Bg6 14. Nd2 c3
15. bxc3 Bxc2 16. Ra2 Bg6 17. Rb2 b6 18. Rd1 Qc7 19. Nc4 Rad8 20. Rbd2 Rd5 21.
Bf4 Qd7 22. Nd6 Bxd6 23. Rxd5 cxd5 24. Qxd5 Qxa4 25. Rd4 Qa1+ 26. Rd1 Qa4 27.
Rd4 Bb4 28. cxb4 Bf5 29. Bg5 h6 30. Be3 Qa1+ 31. Kh2 a5 32. Rd1 Qa4 33. bxa5
Qxa5 34. Qxa5 bxa5 35. Bc5 Rc8 36. Bd6 a4 37. Rd2 Be6 38. Rd3 Rc2 39. Kg3 Bc4
40. Re3 Kh7 41. h4 Kg6 42. Bf8 h5 43. Bb4 Be6 44. Rc3 Re2 45. Re3 Rc2 46. Rc3
Rd2 47. Rf3 Rd5 48. Re3 Rd4 49. Be7 Kf5 50. f3 Bc4 51. Bb4 Rd5 52. Ba3 Rd2 53.
Bb4 Ra2 54. Bd6 Bf1 55. Re1 Be2 56. Kh2 Ke6 57. Bc7 Bxf3 0-1

[Event "17. Open de Sants Hostafrancs 2015"]
[Site "Barcelona ESP"]
[Date "2015.08.21"]
[Round "1.41"]
[White "Cori T., Deysi"]
[Black "Salagran Ferragut, Guillem"]
[Result "1-0"]
[WhiteElo "2426"]
[BlackElo "2051"]
[PlyCount "35"]
[EventDate "2015.08.21"]
[EventType "swiss"]
[EventRounds "10"]
[EventCountry "ESP"]
[SourceTitle "Ajedrez en Madrid"]
[Source "lmi"]
[SourceDate "2015.08.21"]

1. d4 Nf6 2. Nf3 c5 3. e3 g6 4. Nbd2 b6 5. e4 cxd4 6. e5 Nd5 7. Bc4 Bb7 8. Ne4
Bg7 9. Qxd4 Nc7 10. Neg5 O-O 11. Nxh7 Bxf3 12. Nxf8 d5 13. gxf3 Nc6 14. Qh4
dxc4 15. Qh7+ Kxf8 16. Bh6 e6 17. Qxg7+ Ke8 18. Qf8+ 1-0

[Event "17. Open de Sants Hostafrancs 2015"]
[Site "Barcelona ESP"]
[Date "2015.08.21"]
[Round "1.42"]
[White "Corisco Beltran, Rafael"]
[Black "Cawdery, Daniel"]
[Result "0-1"]
[WhiteElo "2050"]
[BlackElo "2424"]
[PlyCount "74"]
[EventDate "2015.08.21"]
[EventType "swiss"]
[EventRounds "10"]
[EventCountry "ESP"]
[SourceTitle "Ajedrez en Madrid"]
[Source "lmi"]
[SourceDate "2015.08.21"]

1. e4 c5 2. Nf3 Nc6 3. d4 cxd4 4. Nxd4 Nf6 5. Nc3 e5 6. Ndb5 d6 7. Bg5 a6 8.
Na3 b5 9. Bxf6 gxf6 10. Nd5 Bg7 11. Bd3 Ne7 12. c4 Nxd5 13. cxd5 f5 14. O-O
fxe4 15. Bxe4 O-O 16. Rc1 f5 17. Bb1 e4 18. Qd2 Qf6 19. Rc7 Qxb2 20. Qxb2 Bxb2
21. Nc2 Rf7 22. Rxf7 Kxf7 23. f3 exf3 24. Rxf3 Bd7 25. Kf1 Rc8 26. Ke2 Re8+ 27.
Kd2 Bf6 28. Nb4 Re5 29. Nxa6 Rxd5+ 30. Rd3 Rd4 31. Rxd4 Bxd4 32. Bd3 Bb6 33.
Nb8 Be6 34. Ke2 Bd5 35. g3 Bg1 36. g4 fxg4 37. Bxh7 Bf3+ 0-1

[Event "17. Open de Sants Hostafrancs 2015"]
[Site "Barcelona ESP"]
[Date "2015.08.21"]
[Round "1.43"]
[White "Stella, Andrea"]
[Black "Finsterwalder, Sebastian"]
[Result "1-0"]
[WhiteElo "2423"]
[BlackElo "2050"]
[PlyCount "43"]
[EventDate "2015.08.21"]
[EventType "swiss"]
[EventRounds "10"]
[EventCountry "ESP"]
[SourceTitle "Ajedrez en Madrid"]
[Source "lmi"]
[SourceDate "2015.08.21"]

1. Nf3 d5 2. c4 d4 3. g3 Nc6 4. Bg2 e5 5. d3 Nf6 6. O-O Be7 7. b4 Nd7 8. b5
Ncb8 9. Nbd2 O-O 10. a4 Re8 11. Nb3 c5 12. e3 Bd6 13. exd4 exd4 14. Ba3 Qc7 15.
a5 Nf8 16. Ng5 Nbd7 17. Ne4 Ne6 18. f4 f5 19. Nxd6 Qxd6 20. Bd5 Kh8 21. Re1 Rb8
22. Nxd4 1-0

[Event "17. Open de Sants Hostafrancs 2015"]
[Site "Barcelona ESP"]
[Date "2015.08.21"]
[Round "1.44"]
[White "Bressy, Theo"]
[Black "Pile, Richard"]
[Result "0-1"]
[WhiteElo "2047"]
[BlackElo "2419"]
[PlyCount "106"]
[EventDate "2015.08.21"]
[EventType "swiss"]
[EventRounds "10"]
[EventCountry "ESP"]
[SourceTitle "Ajedrez en Madrid"]
[Source "lmi"]
[SourceDate "2015.08.21"]

1. e4 c5 2. Nf3 Nc6 3. Bb5 e6 4. O-O Nge7 5. c3 d5 6. exd5 Qxd5 7. d4 cxd4 8.
Nxd4 Bd7 9. Be3 Nxd4 10. Bxd7+ Qxd7 11. Bxd4 Nf5 12. Be5 Rd8 13. Qb3 Be7 14.
Na3 O-O 15. Rad1 Qc6 16. Nc2 Bc5 17. Bd4 Bxd4 18. Nxd4 Nxd4 19. Rxd4 Rxd4 20.
cxd4 Rd8 21. Rd1 g6 22. h3 Rd5 23. Kf1 Qd7 24. Ke2 b6 25. Qc3 e5 26. Ke3 Qf5
27. g3 exd4+ 28. Rxd4 Re5+ 29. Kd2 Qxf2+ 30. Kc1 Re1+ 31. Rd1 Rxd1+ 32. Kxd1
Qf1+ 33. Kc2 Qxh3 34. Qc7 Qf5+ 35. Kb3 Qd3+ 36. Ka4 Qa6+ 37. Kb3 Qb5+ 38. Kc3
Qa5+ 39. Kb3 Kg7 40. a3 h5 41. Qd6 Qb5+ 42. Ka2 Qc4+ 43. Kb1 Qe4+ 44. Ka1 g5
45. Qc7 Qe1+ 46. Ka2 Qe6+ 47. Ka1 a5 48. Qc3+ Qf6 49. Qe1 Qd4 50. Qc1 Qe5 51.
Qg1 b5 52. Ka2 Qd5+ 53. Ka1 b4 0-1

[Event "17. Open de Sants Hostafrancs 2015"]
[Site "Barcelona ESP"]
[Date "2015.08.21"]
[Round "1.45"]
[White "Akesson, Ralf"]
[Black "Barbazan Bilbao, Xabier"]
[Result "1-0"]
[WhiteElo "2418"]
[BlackElo "2045"]
[PlyCount "107"]
[EventDate "2015.08.21"]
[EventType "swiss"]
[EventRounds "10"]
[EventCountry "ESP"]
[SourceTitle "Ajedrez en Madrid"]
[Source "lmi"]
[SourceDate "2015.08.21"]

1. Nf3 Nf6 2. c4 e6 3. Nc3 c5 4. g3 b6 5. Bg2 Bb7 6. O-O Be7 7. Re1 Ne4 8. Nxe4
Bxe4 9. d3 Bb7 10. e4 O-O 11. d4 cxd4 12. Nxd4 d6 13. b3 a6 14. a4 Nd7 15. a5
Re8 16. axb6 Qxb6 17. Be3 Nc5 18. Rf1 a5 19. Nb5 Red8 20. Qg4 Bf8 21. Rfd1 Rab8
22. h4 d5 23. Bf4 Rbc8 24. Bg5 dxe4 25. Bxd8 Rxd8 26. Rxd8 Qxd8 27. Rd1 Qb6 28.
Qe2 f5 29. Qe3 e5 30. Bf1 h6 31. Qc3 Qf6 32. Qxa5 f4 33. Qd8 Qg6 34. Nd6 e3 35.
Nxb7 exf2+ 36. Kh1 Ne4 37. Bg2 Nxg3+ 38. Kh2 f1=Q 39. Qd5+ Kh8 40. Bxf1 e4 41.
Bh3 Ne2 42. Qf5 Qg3+ 43. Kh1 Qf3+ 44. Bg2 Ng3+ 45. Kh2 Qxg2+ 46. Kxg2 Nxf5 47.
Rd8 Kg8 48. c5 g5 49. hxg5 hxg5 50. Nd6 f3+ 51. Kf2 Nxd6 52. cxd6 Kf7 53. b4
Bg7 54. Rd7+ 1-0

[Event "17. Open de Sants Hostafrancs 2015"]
[Site "Barcelona ESP"]
[Date "2015.08.21"]
[Round "1.46"]
[White "Torres Novalbos, David"]
[Black "Mascaro March, Pedro"]
[Result "1/2-1/2"]
[WhiteElo "2045"]
[BlackElo "2414"]
[PlyCount "84"]
[EventDate "2015.08.21"]
[EventType "swiss"]
[EventRounds "10"]
[EventCountry "ESP"]
[SourceTitle "Ajedrez en Madrid"]
[Source "lmi"]
[SourceDate "2015.08.21"]

1. e4 e5 2. Nf3 d6 3. d4 Nf6 4. Nc3 Nbd7 5. Bc4 Be7 6. O-O O-O 7. Bb3 c6 8. a4
a5 9. Re1 Qc7 10. Bg5 h6 11. Bh4 Re8 12. Qd2 Nf8 13. Bg3 Ng6 14. dxe5 dxe5 15.
Nh4 Nxh4 16. Bxh4 Nh5 17. Bxe7 Qxe7 18. Rad1 Nf4 19. Ne2 Ne6 20. c3 Nc5 21. Bc2
Be6 22. Ng3 Nb3 23. Qe3 Qc5 24. Qf3 Rad8 25. Nh5 Qe7 26. Ng3 Qg5 27. Nf5 Nd2
28. Qe2 Bxf5 29. exf5 e4 30. h4 Qf4 31. Qe3 Qxe3 32. Rxe3 Rd5 33. Re2 Red8 34.
Rde1 Rxf5 35. Bxe4 Nxe4 36. Rxe4 Rd2 37. Re8+ Kh7 38. R8e2 Rxe2 39. Rxe2 Rf4
40. Re7 Rxh4 41. Rxf7 Rxa4 42. Rxb7 Ra1+ 1/2-1/2

[Event "17. Open de Sants Hostafrancs 2015"]
[Site "Barcelona ESP"]
[Date "2015.08.21"]
[Round "1.47"]
[White "Admiraal, Miguoel"]
[Black "Molinero Martin, Joan"]
[Result "1-0"]
[WhiteElo "2414"]
[BlackElo "2043"]
[PlyCount "63"]
[EventDate "2015.08.21"]
[EventType "swiss"]
[EventRounds "10"]
[EventCountry "ESP"]
[SourceTitle "Ajedrez en Madrid"]
[Source "lmi"]
[SourceDate "2015.08.21"]

1. d4 Nf6 2. Bg5 g6 3. Bxf6 exf6 4. e3 Bg7 5. g3 O-O 6. Bg2 d6 7. Ne2 Nc6 8.
O-O Bd7 9. Qd2 Qc8 10. c4 Bh3 11. Nbc3 Bxg2 12. Kxg2 f5 13. Nd5 Re8 14. Rac1
Nd8 15. c5 dxc5 16. Rxc5 Ne6 17. Rc2 Qd7 18. Ndf4 Nxf4+ 19. Nxf4 Bf8 20. Rfc1
Bd6 21. Nd5 Qe6 22. Nxc7 Bxc7 23. Rxc7 Qxa2 24. d5 Re5 25. Rd1 Rd8 26. d6 Qa5
27. Qc2 Rd5 28. Qc4 R8xd6 29. Rc8+ Kg7 30. b4 Qa6 31. b5 Rc6 32. Qxd5 1-0

[Event "17. Open de Sants Hostafrancs 2015"]
[Site "Barcelona ESP"]
[Date "2015.08.21"]
[Round "1.48"]
[White "Monedero Gonzalez, Josep"]
[Black "Kobo, Ori"]
[Result "0-1"]
[WhiteElo "2041"]
[BlackElo "2412"]
[PlyCount "70"]
[EventDate "2015.08.21"]
[EventType "swiss"]
[EventRounds "10"]
[EventCountry "ESP"]
[SourceTitle "Ajedrez en Madrid"]
[Source "lmi"]
[SourceDate "2015.08.21"]

1. d4 Nf6 2. Nf3 g6 3. e3 Bg7 4. Bd3 O-O 5. O-O d6 6. b3 Nbd7 7. Bb2 b6 8. Nbd2
Bb7 9. c4 Re8 10. Qc2 e5 11. d5 Qe7 12. e4 c6 13. dxc6 Bxc6 14. Rfe1 Nc5 15.
Bf1 Qb7 16. b4 Ncxe4 17. b5 Nxd2 18. Nxd2 Bd7 19. Ba3 Bf8 20. Qb3 Rac8 21. Bb2
Qc7 22. Rad1 Be6 23. a4 Bh6 24. Nb1 Red8 25. Na3 Nd7 26. Qb4 Bf8 27. Qd2 Nc5
28. Qb4 Bf5 29. f3 Nb7 30. Qd2 Na5 31. Qe3 Be6 32. Rc1 h5 33. Rc3 Kh7 34. Bc1
d5 35. Qxe5 Qxe5 0-1